000 00690nam a2200241Ia 4500
003 OSt
005 20220926040642.0
006 a|||||r|||| 00| 0
007 ta
008 220923b |||||||| |||| 00| 0 eng d
037 _cGeneral Book
040 _aRTL
_cRTL
_beng
041 _2eng
_aeng
082 _aX:8C, K5-;1
100 _aJadedicke Robert K
_9343921
245 0 _aAccounting flows
_b Income, funds, and cash
260 _c1965
490 _aPrentice-Hall Foundations of Finance Series
650 _afinancial Accounts
700 _a Sprouse Robert T
942 _hX:8C, K5-;1
_cGB
_2CC
999 _c665311
_d665311